[Event "X Festival A"]
[Site "Salsomaggiore Terme ITA"]
[Date "2006.05.12"]
[Round "1"]
[White "Fragni, Enrico"]
[Black "Bonade', Massimo"]
[Result "0-1"]
[WhiteElo "1876"]
[BlackElo "2104"]
[PlyCount "54"]
[EventDate "2006.05.12"]

1. Nf3 Nf6 2. d3 d5 3. c3 c5 4. Qc2 Nc6 5. e4 e5 6. Bg5 Be7 7. Nbd2 O-O 8. Be2
Be6 9. O-O Ne8 10. Bxe7 Qxe7 11. Rfe1 f5 12. exd5 Bxd5 13. Bf1 Qf6 14. Re3 Nd6
15. Rae1 e4 16. dxe4 fxe4 17. c4 exf3 18. cxd5 Nd4 19. Qxc5 Rac8 20. Qxa7 fxg2
21. f3 gxf1=Q+ 22. Kxf1 Qh4 23. Kg2 Nc2 24. Rf1 Nxe3+ 25. Qxe3 Rce8 26. Qd3
Qg5+ 27. Kh1 Qe3 0-1

[Event "X Festival A"]
[Site "Salsomaggiore Terme ITA"]
[Date "2006.05.12"]
[Round "1"]
[White "Frigieri, Fabrizio"]
[Black "Reggi, Matteo"]
[Result "0-1"]
[WhiteElo "2080"]
[BlackElo "1781"]
[PlyCount "92"]
[EventDate "2006.05.12"]

1. e4 e5 2. Nf3 Nc6 3. Bb5 Nge7 4. O-O g6 5. c3 a6 6. Bc4 b5 7. Bb3 Bg7 8. d4
exd4 9. cxd4 O-O 10. d5 Na5 11. Bc2 Nc4 12. Nc3 d6 13. Bd3 Nb6 14. a4 b4 15.
Ne2 a5 16. Nfd4 h6 17. Be3 Nd7 18. Rc1 Ne5 19. f3 Nxd3 20. Qxd3 Ba6 21. Qd2 Kh7
22. f4 Qd7 23. Rf3 Bxe2 24. Qxe2 Bxd4 25. Bxd4 f5 26. b3 fxe4 27. Qxe4 Nf5 28.
Bf2 Rfe8 29. Qc4 Re7 30. g4 Ng7 31. h3 Rae8 32. Kg2 h5 33. Kg3 Qd8 34. Qb5 Qa8
35. Rc6 Qd8 36. Qxa5 Qd7 37. Qxb4 Re4 38. Qc3 R8e7 39. a5 g5 40. f5 Rf7 41. a6
hxg4 42. hxg4 Rxg4+ 43. Kxg4 Nxf5 44. Rxc7 Ne3+ 45. Kg3 Qg4+ 46. Kh2 Qg2# 0-1

[Event "X Festival A"]
[Site "Salsomaggiore Terme ITA"]
[Date "2006.05.12"]
[Round "1"]
[White "Garvani, Vittorio"]
[Black "Ranola, Yves"]
[Result "0-1"]
[WhiteElo "1997"]
[BlackElo "2432"]
[PlyCount "92"]
[EventDate "2006.05.12"]

1. e4 c5 2. c3 d6 3. d4 Nf6 4. dxc5 Nc6 5. Qc2 dxc5 6. Bg5 Qa5 7. Nd2 Be6 8.
Bc4 Bxc4 9. Nxc4 Qa6 10. Bxf6 Qxc4 11. Bg5 Nb4 12. Qe2 Nd3+ 13. Kf1 Nxb2 14.
Rb1 O-O-O 15. Qxc4 Nxc4 16. Ke2 f6 17. Be3 e5 18. Nf3 Be7 19. Nd2 Nxd2 20. Bxd2
Rd6 21. Be3 Rhd8 22. Rhd1 Rxd1 23. Rxd1 Rxd1 24. Kxd1 b5 25. Kc2 Kb7 26. f3 Kc6
27. Kb3 c4+ 28. Kc2 Bc5 29. Bd2 a5 30. Be1 b4 31. h3 Kb5 32. Bd2 Bf2 33. Kb2 b3
34. axb3 cxb3 35. Kxb3 a4+ 36. Kc2 Kc4 37. Bc1 Be1 38. Bb2 h5 39. g4 g6 40. Ba3
Bxc3 41. Be7 Bd4 42. Ba3 Bc3 43. Be7 Bd4 44. Ba3 Bc5 45. Bb2 a3 46. Ba1 Bd4 0-1

[Event "X Festival A"]
[Site "Salsomaggiore Terme ITA"]
[Date "2006.05.12"]
[Round "1"]
[White "Giovannini, Roberto"]
[Black "Scalcione, Michelangelo"]
[Result "1-0"]
[WhiteElo "1961"]
[BlackElo "2255"]
[PlyCount "75"]
[EventDate "2006.05.12"]

1. d4 d6 2. Bf4 f5 3. e3 Nf6 4. Nf3 g6 5. c4 Bg7 6. Nc3 O-O 7. b4 a5 8. b5 Nbd7
9. Ng5 e5 10. Ne6 Qe7 11. Nxf8 Nxf8 12. Bg5 c6 13. Be2 exd4 14. exd4 Ne6 15.
Qd2 Qf7 16. Be3 d5 17. cxd5 Nxd5 18. Nxd5 cxd5 19. g3 Bd7 20. O-O Re8 21. Rfe1
g5 22. f4 gxf4 23. gxf4 Qf6 24. Rad1 Qh4 25. a4 Bh6 26. Bf3 Bxf4 27. Bxd5 Kf8
28. Bxf4 Nxf4 29. Rxe8+ Bxe8 30. Bf3 Bh5 31. Bxh5 Qxh5 32. Rf1 Qg4+ 33. Kh1 Ne2
34. Qh6+ Kf7 35. Qxh7+ Kf6 36. Qxb7 Qxd4 37. Qc6+ Ke5 38. Qe8+ 1-0

[Event "X Festival A"]
[Site "Salsomaggiore Terme ITA"]
[Date "2006.05.12"]
[Round "1"]
[White "Guastadini, Paolo"]
[Black "Musumeci, Valentino"]
[Result "1-0"]
[WhiteElo "2056"]
[BlackElo "1694"]
[PlyCount "87"]
[EventDate "2006.05.12"]

1. Nf3 d5 2. c4 e6 3. d4 Nf6 4. Nc3 Be7 5. Bg5 Nc6 6. Ne5 Nxe5 7. dxe5 Nd7 8.
Bf4 Nb6 9. e3 O-O 10. Qb3 dxc4 11. Bxc4 Nxc4 12. Qxc4 c6 13. O-O a6 14. Rfd1
Qc7 15. a4 b6 16. Rac1 Bb7 17. Ne4 c5 18. Nd6 Bd5 19. Qe2 Bb3 20. Rd2 Bxa4 21.
Qg4 Rfd8 22. Bh6 Bf8 23. Qxa4 gxh6 24. Qg4+ Bg7 25. f4 Qe7 26. Rcd1 Kf8 27. Qf3
b5 28. Qe4 f5 29. Qc2 c4 30. g4 Qh4 31. gxf5 Qh3 32. Qe4 exf5 33. Nxf5 Qg4+ 34.
Kf2 Rxd2+ 35. Rxd2 Re8 36. Rd7 Bxe5 37. Rxh7 Bf6 38. Qd5 Bh4+ 39. Kf1 Qh3+ 40.
Kg1 Qg4+ 41. Kh1 Re6 42. Rh8+ Kf7 43. Nxh6+ Kg7 44. Nxg4 1-0

[Event "X Festival A"]
[Site "Salsomaggiore Terme ITA"]
[Date "2006.05.12"]
[Round "1"]
[White "Luciani, Valerio"]
[Black "Pedemonte, Claudio"]
[Result "1-0"]
[WhiteElo "2242"]
[BlackElo "1942"]
[PlyCount "107"]
[EventDate "2006.05.12"]

1. d4 d5 2. c4 e6 3. Nc3 Nf6 4. cxd5 exd5 5. Bg5 Be7 6. e3 c6 7. Qc2 h6 8. Bh4
Ne4 9. Bxe7 Qxe7 10. Nxd5 cxd5 11. Qxc8+ Qd8 12. Qxb7 O-O 13. Bd3 Qa5+ 14. b4
Qa3 15. Bxe4 Qc3+ 16. Ke2 Qb2+ 17. Kf3 dxe4+ 18. Qxe4 Qxa1 19. Qxa8 Qd1+ 20.
Kg3 Nd7 21. Qf3 Qb1 22. h3 Qxa2 23. Ne2 Nf6 24. Rc1 Qb3 25. Qb7 Qd3 26. Qf3 Qb3
27. Rc6 Qxb4 28. Nf4 a5 29. Nd3 Qb5 30. Nc5 a4 31. Kh2 a3 32. Ra6 Qb2 33. Qb7
Qxf2 34. Rxa3 Re8 35. Qf3 Qb2 36. Ra8 Qb5 37. Rxe8+ Qxe8 38. e4 Qd8 39. Qf2
Qc7+ 40. Qg3 Qe7 41. e5 Nd5 42. Qf3 Nb4 43. Nd3 Nc2 44. Qe4 Qg5 45. d5 Ne3 46.
d6 Nf1+ 47. Kg1 Ng3 48. Qf3 Nf5 49. d7 Nd4 50. Qa8+ Kh7 51. Qe4+ Nf5 52. Qf4
Qh5 53. d8=Q Qd1+ 54. Qf1 1-0

[Event "X Festival A"]
[Site "Salsomaggiore Terme ITA"]
[Date "2006.05.12"]
[Round "1"]
[White "Mazzoni, Carlo"]
[Black "Del Giudice, Stefano"]
[Result "1-0"]
[WhiteElo "1766"]
[BlackElo "2058"]
[PlyCount "103"]
[EventDate "2006.05.12"]

1. d4 Nf6 2. c4 c5 3. d5 e5 4. Nc3 d6 5. e4 Be7 6. h3 O-O 7. Be2 Na6 8. Nf3 Rb8
9. O-O Bd7 10. Nd2 Ne8 11. Bg4 g6 12. Bxd7 Qxd7 13. f4 exf4 14. Rxf4 Ng7 15.
Rf1 Nc7 16. Nf3 b5 17. b3 bxc4 18. bxc4 Bf6 19. Qc2 Rb4 20. e5 Bxe5 21. Nxe5
dxe5 22. Ne4 Qa4 23. Nf6+ Kh8 24. Qd2 Rxc4 25. g4 Rf4 26. Bb2 Qb4 27. Bc3 Qa3
28. Rab1 Rxf6 29. Rxf6 Nxd5 30. Rb3 Qxb3 31. axb3 Nxf6 32. Bxe5 Nfe8 33. Qd8
Kg8 34. Qa5 Ne6 35. Qxa7 N8g7 36. Bd6 Re8 37. Bxc5 Nxc5 38. Qxc5 h5 39. Kf2
hxg4 40. hxg4 Ne6 41. Qc4 Rd8 42. Kg3 Rd4 43. Qa6 Rd8 44. b4 Rd5 45. Qc8+ Rd8
46. Qc3 Ng5 47. Kf4 Ne6+ 48. Ke5 Kg7 49. b5 Kf8 50. b6 Ke7 51. Qa3+ Ke8 52. Kf6
1-0

[Event "X Festival A"]
[Site "Salsomaggiore Terme ITA"]
[Date "2006.05.12"]
[Round "1"]
[White "Mrdja, Milan"]
[Black "Pipitone, Antonio"]
[Result "1-0"]
[WhiteElo "2409"]
[BlackElo "1994"]
[PlyCount "61"]
[EventDate "2006.05.12"]

1. e4 c5 2. Nf3 Nc6 3. Bb5 d6 4. O-O e6 5. Bxc6+ bxc6 6. Re1 e5 7. c3 Nf6 8. d4
cxd4 9. cxd4 Qc7 10. Nc3 Bg4 11. Be3 Be7 12. Rc1 O-O 13. h3 Bxf3 14. Qxf3 exd4
15. Bxd4 Qb7 16. b3 c5 17. Be3 Rfd8 18. Bg5 h6 19. Bh4 Rab8 20. Rcd1 Nd5 21.
Nxd5 Bxh4 22. e5 dxe5 23. Rxe5 Rd7 24. g3 Bg5 25. h4 Be7 26. Qe2 Kf8 27. Re1
Rxd5 28. Rxe7 Qc6 29. Qf3 f5 30. R1e6 Qa8 31. Qh5 1-0

[Event "X Festival A"]
[Site "Salsomaggiore Terme ITA"]
[Date "2006.05.12"]
[Round "1"]
[White "Muha, Zdravko"]
[Black "Sgargi, Giuseppe"]
[Result "1-0"]
[WhiteElo "2083"]
[BlackElo "1873"]
[PlyCount "39"]
[EventDate "2006.05.12"]

1. d4 Nf6 2. Bg5 e6 3. Nf3 d6 4. Nc3 Be7 5. e4 O-O 6. e5 Nfd7 7. Bf4 Nc6 8. Bb5
Ndb8 9. Qe2 a6 10. Bd3 dxe5 11. dxe5 Nd4 12. Qe3 Bc5 13. Nxd4 Bxd4 14. Qh3
Bxc3+ 15. bxc3 g6 16. Qh6 f6 17. h4 Qe7 18. h5 g5 19. exf6 Qxf6 20. Qxh7# 1-0

[Event "X Festival A"]
[Site "Salsomaggiore Terme ITA"]
[Date "2006.05.12"]
[Round "1"]
[White "Peric, Slavisa"]
[Black "Gerundino, Nicola"]
[Result "1-0"]
[WhiteElo "2288"]
[BlackElo "1968"]
[PlyCount "53"]
[EventDate "2006.05.12"]

1. d4 Nf6 2. Nf3 e6 3. Bg5 c5 4. e3 Nc6 5. c3 Be7 6. Nbd2 O-O 7. Bd3 cxd4 8.
exd4 h6 9. Bh4 b6 10. Qe2 Bb7 11. O-O Nh5 12. Bg3 Nxg3 13. hxg3 d5 14. Rfe1 Rc8
15. Nf1 Bf6 16. N1h2 g6 17. Ng4 Bg7 18. Qe3 h5 19. Nh6+ Bxh6 20. Qxh6 Qf6 21.
Re2 Rfd8 22. Rae1 Nb8 23. g4 hxg4 24. Ne5 Qg7 25. Qf4 f5 26. Qg5 Kh7 27. Nxg4
1-0

[Event "X Festival A"]
[Site "Salsomaggiore Terme ITA"]
[Date "2006.05.12"]
[Round "1"]
[White "Rombaldoni, Axel"]
[Black "Marini, Lucio"]
[Result "1-0"]
[WhiteElo "2160"]
[BlackElo "1914"]
[PlyCount "63"]
[EventDate "2006.05.12"]

1. e4 e6 2. d4 d5 3. Nc3 Nf6 4. Bg5 dxe4 5. Nxe4 Be7 6. Bxf6 Bxf6 7. c3 Be7 8.
Bd3 b6 9. Qf3 c6 10. h4 Ba6 11. Ng5 Bxg5 12. Bxa6 Be7 13. Bb7 Nd7 14. Bxa8 Qxa8
15. Nh3 Nf6 16. Nf4 O-O 17. g4 Nd5 18. Nd3 Qd8 19. O-O-O Qc7 20. c4 Nb4 21.
Nxb4 Bxb4 22. a3 Be7 23. Qe4 b5 24. c5 a5 25. b3 Rd8 26. f4 Rd5 27. g5 Qd7 28.
Rhe1 Rf5 29. h5 Kf8 30. g6 Rxh5 31. gxh7 g6 32. Rh1 1-0

[Event "X Festival A"]
[Site "Salsomaggiore Terme ITA"]
[Date "2006.05.12"]
[Round "1"]
[White "Salati, Paolo"]
[Black "Giretti Kanev, Jasen"]
[Result "0-1"]
[WhiteElo "1938"]
[BlackElo "2220"]
[PlyCount "84"]
[EventDate "2006.05.12"]

1. e4 c6 2. d4 d5 3. exd5 Qxd5 4. Nc3 Qd8 5. Nf3 Bg4 6. Be2 e6 7. O-O Nf6 8. h3
Bh5 9. Bg5 Nbd7 10. Ne5 Nxe5 11. Bxf6 Bxe2 12. Qxe2 gxf6 13. dxe5 f5 14. Qe3
Rg8 15. Rad1 Qb6 16. Qxb6 axb6 17. a3 b5 18. Ne2 Bc5 19. Nd4 Ke7 20. c3 Bb6 21.
Rd2 Rgd8 22. Rfd1 Ra4 23. Kf1 Rd5 24. f4 h5 25. Ke2 f6 26. exf6+ Kxf6 27. Kf3
Bc7 28. Ne2 Ra8 29. Rxd5 exd5 30. Rd3 Re8 31. Re3 Re4 32. g3 Bb6 33. Rd3 Ke6
34. Nd4+ Bxd4 35. Rxd4 c5 36. Rd3 d4 37. h4 Kd5 38. b3 c4 39. bxc4+ bxc4 40.
Rd2 Re3+ 41. Kf2 Rxc3 42. Rb2 Rb3 0-1

[Event "X Festival A"]
[Site "Salsomaggiore Terme ITA"]
[Date "2006.05.12"]
[Round "1"]
[White "Tomio, Dante"]
[Black "Brancaleoni, Maurizio"]
[Result "0-1"]
[WhiteElo "1967"]
[BlackElo "2286"]
[PlyCount "44"]
[EventDate "2006.05.12"]

1. d4 Nf6 2. Nf3 d5 3. Bg5 Ne4 4. Bf4 c5 5. c3 cxd4 6. cxd4 Nc6 7. e3 Qb6 8.
Qc1 Bf5 9. Nh4 Bd7 10. Nf3 e6 11. Bd3 Nb4 12. Bxe4 dxe4 13. Ne5 f6 14. Nxd7
Nd3+ 15. Kf1 Qa6 16. Nxf6+ gxf6 17. Qc2 Nxf4+ 18. Ke1 Bb4+ 19. Nc3 Bxc3+ 20.
bxc3 Qd3 21. Qa4+ b5 22. Qd1 Nxg2# 0-1

[Event "X Festival A"]
[Site "Salsomaggiore Terme ITA"]
[Date "2006.05.12"]
[Round "1"]
[White "Zuccaro, Guido"]
[Black "Tizzoni, Lionello"]
[Result "0-1"]
[WhiteElo "1631"]
[BlackElo "2050"]
[PlyCount "74"]
[EventDate "2006.05.12"]

1. c4 d6 2. Nc3 e5 3. d4 Nd7 4. Nf3 g6 5. e4 Bg7 6. d5 a5 7. Be3 Ngf6 8. h3 O-O
9. Be2 Nc5 10. Qc2 Ne8 11. Na4 b6 12. Nxc5 bxc5 13. Nd2 f5 14. f3 Nf6 15. Rb1
fxe4 16. fxe4 Nh5 17. Nf3 Ng3 18. Rg1 Nxe4 19. Bd3 Ng3 20. Ng5 Nf5 21. Qd2 Bh6
22. Bxf5 Bxf5 23. Rd1 Qe7 24. Nf3 Bxe3 25. Qxe3 e4 26. Nd2 Rae8 27. g4 Bd7 28.
Ke2 Qh4 29. Qg3 Qh6 30. Rde1 e3 31. Nf3 Qg7 32. Rb1 Qe7 33. b3 a4 34. Rge1 Qe4
35. Rb2 a3 36. Rbb1 Qc2+ 37. Kf1 Rxf3+ 0-1

[Event "X Festival A"]
[Site "Salsomaggiore Terme ITA"]
[Date "2006.05.12"]
[Round "2"]
[White "Baldelli, Alex"]
[Black "Marini, Lucio"]
[Result "1-0"]
[WhiteElo "2028"]
[BlackElo "1914"]
[PlyCount "59"]
[EventDate "2006.05.12"]

1. d4 Nf6 2. c4 e6 3. Nc3 Bb4 4. Qc2 c5 5. dxc5 Na6 6. Nf3 Nxc5 7. a3 Bxc3+ 8.
Qxc3 a5 9. b3 O-O 10. e3 Nfe4 11. Qc2 Qb6 12. Rb1 Qc6 13. Nd4 Qc7 14. b4 Nxf2
15. Kxf2 Na6 16. Bd3 h6 17. h3 Qd6 18. c5 Qe7 19. Rf1 axb4 20. axb4 d5 21. Kg1
Nc7 22. c6 b6 23. Nb5 Rd8 24. Nxc7 Qxc7 25. b5 e5 26. Bf5 e4 27. Bxc8 Raxc8 28.
Bb2 Qg3 29. Qf2 Qg6 30. Bd4 1-0

[Event "X Festival A"]
[Site "Salsomaggiore Terme ITA"]
[Date "2006.05.12"]
[Round "2"]
[White "Bonade', Massimo"]
[Black "Efimov, Igor"]
[Result "0-1"]
[WhiteElo "2104"]
[BlackElo "2437"]
[PlyCount "99"]
[EventDate "2006.05.12"]

1. d4 Nf6 2. c4 e6 3. Nc3 d5 4. cxd5 exd5 5. Bg5 c6 6. e3 Be7 7. Qc2 Nbd7 8.
Bd3 O-O 9. Nf3 Re8 10. O-O a5 11. h3 h6 12. Bf4 b5 13. Bh2 Bb7 14. Ne5 Nxe5 15.
dxe5 Nd7 16. f4 b4 17. Ne2 c5 18. Bb5 Ba6 19. Bxa6 Rxa6 20. Rad1 Nb6 21. Ng3
Ra7 22. Rf3 Kh8 23. f5 Bg5 24. Ne4 Nc4 25. Nxg5 Qxg5 26. Bf4 Qd8 27. f6 g5 28.
Bh2 Ra6 29. Qe2 Rae6 30. Rf5 Rg8 31. e4 Nxb2 32. Rxd5 Qb6 33. Qxb2 c4+ 34. Qd4
Qxd4+ 35. Rxd4 Rc8 36. Rf2 a4 37. Rc2 Rec6 38. e6 b3 39. axb3 axb3 40. Rc3 Rb6
41. Rd1 Rxe6 42. e5 Rb6 43. Rb1 b2 44. e6 Ra8 45. e7 Kh7 46. e8=Q Rxe8 47. Rxc4
Re2 48. Rd4 Rc6 49. Rdd1 Rcc2 50. Be5 0-1

[Event "X Festival A"]
[Site "Salsomaggiore Terme ITA"]
[Date "2006.05.12"]
[Round "2"]
[White "Bonugli, Carlo"]
[Black "Vezzosi, Paolo"]
[Result "0-1"]
[WhiteElo "2065"]
[BlackElo "2362"]
[PlyCount "112"]
[EventDate "2006.05.12"]

1. e4 c5 2. Nc3 Nc6 3. g3 g6 4. Bg2 Bg7 5. d3 e6 6. Be3 Nd4 7. Nce2 Nxe2 8.
Nxe2 Bxb2 9. Rb1 Bg7 10. Bxc5 d6 11. Bb4 Ne7 12. O-O O-O 13. c4 Nc6 14. Ba3 Qc7
15. Qb3 Rd8 16. Rfc1 b6 17. Bb2 Bxb2 18. Qxb2 Bb7 19. Nf4 Na5 20. h4 Qe7 21. h5
Rac8 22. hxg6 hxg6 23. Bf3 e5 24. Nd5 Qg5 25. Kg2 Bxd5 26. cxd5 Rc5 27. Rxc5
dxc5 28. Bd1 Qe7 29. Ba4 Kg7 30. Rh1 Rh8 31. Rxh8 Kxh8 32. Qb5 Nb7 33. Qc6 Kg7
34. Kf3 Nd6 35. Ke3 f5 36. Qd7 Qxd7 37. Bxd7 b5 38. f3 Kf6 39. Be6 a5 40. Bd7
a4 41. Bc6 a3 42. Kd2 f4 43. gxf4 exf4 44. Bd7 Ke5 45. Kc3 b4+ 46. Kc2 Nf7 47.
Bg4 Kd6 48. Bh3 Ne5 49. Bg2 g5 50. Bh1 g4 51. fxg4 Nxg4 52. Bf3 Nh2 53. Bd1 f3
54. Kb3 f2 55. Be2 f1=Q 56. Bxf1 Nxf1 0-1

[Event "X Festival A"]
[Site "Salsomaggiore Terme ITA"]
[Date "2006.05.12"]
[Round "2"]
[White "Brancaleoni, Maurizio"]
[Black "Giovannini, Roberto"]
[Result "1-0"]
[WhiteElo "2286"]
[BlackElo "1961"]
[PlyCount "47"]
[EventDate "2006.05.12"]

1. e4 c5 2. Nf3 e6 3. g3 Nc6 4. Bg2 Qc7 5. O-O Nf6 6. Re1 d6 7. c3 Be7 8. d4
O-O 9. dxc5 dxc5 10. e5 Nd7 11. Bf4 Rd8 12. Qe2 b6 13. c4 Bb7 14. Nc3 a6 15.
Rad1 Nf8 16. Nd5 exd5 17. e6 Bd6 18. cxd5 Ne7 19. exf7+ Kxf7 20. Ng5+ Ke8 21.
Qh5+ g6 22. Bxd6 Rxd6 23. Qf3 Qd8 24. Bh3 1-0

[Event "X Festival A"]
[Site "Salsomaggiore Terme ITA"]
[Date "2006.05.12"]
[Round "2"]
[White "Brigati, Alessandro"]
[Black "Scalcione, Michelangelo"]
[Result "0-1"]
[WhiteElo "2080"]
[BlackElo "2255"]
[PlyCount "102"]
[EventDate "2006.05.12"]

1. d4 d6 2. c4 e5 3. dxe5 dxe5 4. Qxd8+ Kxd8 5. Nc3 c6 6. b3 Be6 7. Bb2 Nd7 8.
O-O-O Kc7 9. Nf3 f6 10. e3 Ne7 11. Be2 Nc8 12. Nd2 Ncb6 13. h3 a5 14. Bg4 f5
15. Be2 Be7 16. Nf3 a4 17. Bd3 axb3 18. axb3 Bf6 19. e4 f4 20. Kc2 g5 21. Nh2
h5 22. Be2 Rag8 23. f3 Be7 24. Ra1 Bc5 25. Na4 Nxa4 26. Rxa4 Bd4 27. Bxd4 exd4
28. Ra5 Ra8 29. Rha1 Rxa5 30. Rxa5 c5 31. Nf1 b6 32. Ra7+ Kb8 33. Ra4 Ne5 34.
Nd2 Nc6 35. Nb1 g4 36. hxg4 hxg4 37. fxg4 Rh2 38. Bf3 Bxg4 39. Nd2 Bd7 40. Ra1
Nb4+ 41. Kb2 Nd3+ 42. Kc2 Ne5 43. Rg1 Kc7 44. Kd1 Rh8 45. Ke2 Ra8 46. g3 Ra2
47. Rd1 fxg3 48. Kf1 Rxd2 49. Rxd2 Nxf3 50. Ra2 Bh3+ 51. Ke2 g2 0-1

[Event "X Festival A"]
[Site "Salsomaggiore Terme ITA"]
[Date "2006.05.12"]
[Round "2"]
[White "De Zaiacomo, Tonino"]
[Black "Luciani, Valerio"]
[Result "0-1"]
[WhiteElo "1911"]
[BlackElo "2242"]
[PlyCount "60"]
[EventDate "2006.05.12"]

1. d4 f5 2. Nf3 Nf6 3. c4 g6 4. Nc3 Bg7 5. e3 d6 6. Bd2 O-O 7. Be2 c6 8. Qc2
Qe8 9. h4 e5 10. O-O-O Na6 11. a3 Nc7 12. dxe5 dxe5 13. Be1 Na6 14. b4 Nc7 15.
Ng5 h6 16. Nh3 Ne6 17. f4 e4 18. Nf2 h5 19. g4 hxg4 20. Rg1 a5 21. bxa5 Qe7 22.
Nb1 Qc5 23. Qb3 Nd5 24. Rxd5 cxd5 25. Bb4 Qc6 26. Bxf8 Nxf8 27. Nc3 Rxa5 28.
Kb2 Be6 29. Rc1 dxc4 30. Qb4 Rb5 0-1

[Event "X Festival A"]
[Site "Salsomaggiore Terme ITA"]
[Date "2006.05.12"]
[Round "2"]
[White "Del Giudice, Stefano"]
[Black "Salati, Paolo"]
[Result "1-0"]
[WhiteElo "2058"]
[BlackElo "1938"]
[PlyCount "49"]
[EventDate "2006.05.12"]

1. d4 d5 2. Nf3 Nf6 3. e3 Bg4 4. c4 e6 5. Qb3 Qc8 6. Ne5 c6 7. Nc3 Nbd7 8. Nxg4
Nxg4 9. h3 Ngf6 10. Bd2 Bd6 11. Rc1 O-O 12. Bd3 e5 13. cxd5 exd4 14. exd4 Re8+
15. Be3 cxd5 16. O-O Qb8 17. Nxd5 Nxd5 18. Qxd5 Nf6 19. Qf5 Qd8 20. Bg5 h6 21.
Bxf6 Qxf6 22. Qh7+ Kf8 23. Qh8+ Ke7 24. Rfe1+ Kd7 25. Bb5+ 1-0

[Event "X Festival A"]
[Site "Salsomaggiore Terme ITA"]
[Date "2006.05.12"]
[Round "2"]
[White "Gerundino, Nicola"]
[Black "Musumeci, Valentino"]
[Result "1-0"]
[WhiteElo "1968"]
[BlackElo "1694"]
[PlyCount "57"]
[EventDate "2006.05.12"]

1. e4 c5 2. Nf3 Nc6 3. d4 cxd4 4. Nxd4 Nf6 5. Nc3 e6 6. a3 Be7 7. Be2 a6 8. Be3
d6 9. O-O Bd7 10. Qd2 Rc8 11. Rad1 O-O 12. f4 b5 13. f5 e5 14. Nxc6 Bxc6 15.
Bf3 Qc7 16. g4 Qb7 17. Qg2 Rfd8 18. g5 Ne8 19. f6 Bf8 20. Bg4 Rc7 21. fxg7 Bxg7
22. Bf5 f6 23. Rf3 Kf8 24. Bxh7 Bh8 25. Bf5 Rg7 26. g6 Re7 27. Qh3 Kg8 28. Be6+
Kf8 29. Qxh8# 1-0

[Event "X Festival A"]
[Site "Salsomaggiore Terme ITA"]
[Date "2006.05.12"]
[Round "2"]
[White "Giretti Kanev, Jasen"]
[Black "Bonade', Giacomo"]
[Result "1-0"]
[WhiteElo "2220"]
[BlackElo "1778"]
[PlyCount "59"]
[EventDate "2006.05.12"]

1. d4 f5 2. Qd3 e6 3. d5 d6 4. dxe6 Bxe6 5. Qb5+ Nd7 6. Qxb7 Ngf6 7. Nf3 Be7 8.
Nd4 Bd5 9. Nc6 Bxc6 10. Qxc6 O-O 11. Nd2 Ne5 12. Qa4 d5 13. e3 c5 14. Nf3 Neg4
15. Bd3 Ne4 16. Rf1 c4 17. Bxe4 fxe4 18. Nd4 Rxf2 19. Rxf2 Nxf2 20. Qc6 Nh1 21.
Bd2 Kh8 22. Ne6 Qe8 23. Qxe8+ Rxe8 24. Ke2 Bf6 25. Nd4 Nf2 26. Kxf2 Rb8 27. Bc3
Rb7 28. Ke2 Kg8 29. Rf1 g6 30. Rxf6 1-0

[Event "X Festival A"]
[Site "Salsomaggiore Terme ITA"]
[Date "2006.05.12"]
[Round "2"]
[White "Grillo, Francesco"]
[Black "Jones, Alessandro"]
[Result "1/2-1/2"]
[WhiteElo "1978"]
[BlackElo "1824"]
[PlyCount "46"]
[EventDate "2006.05.12"]

1. d4 d5 2. Nc3 Bf5 3. Nf3 Nf6 4. Bg5 Nbd7 5. e3 h6 6. Bh4 c6 7. Bd3 Bxd3 8.
Qxd3 e6 9. e4 dxe4 10. Nxe4 Be7 11. Rd1 Nxe4 12. Qxe4 Bxh4 13. Nxh4 Nf6 14. Qe5
Qd5 15. b3 Rd8 16. O-O O-O 17. c4 Qe4 18. Qxe4 Nxe4 19. Rfe1 Nf6 20. f4 Rd7 21.
f5 exf5 22. Nxf5 g6 23. Ne3 Rfd8 1/2-1/2

[Event "X Festival A"]
[Site "Salsomaggiore Terme ITA"]
[Date "2006.05.12"]
[Round "2"]
[White "Gualtieri, Primo"]
[Black "Tomio, Dante"]
[Result "1/2-1/2"]
[WhiteElo "1598"]
[BlackElo "1967"]
[PlyCount "47"]
[EventDate "2006.05.12"]

1. e4 c5 2. Nf3 d6 3. d4 cxd4 4. c3 dxc3 5. Nxc3 Nc6 6. Bc4 e6 7. O-O Nf6 8.
Qe2 Qc7 9. Rd1 a6 10. Bf4 Be7 11. Rac1 O-O 12. h3 b5 13. Bb3 Rd8 14. Nd5 Nxd5
15. exd5 exd5 16. Rxc6 Qxc6 17. Bxd5 Qc7 18. Bxa8 Bxh3 19. gxh3 Rxa8 20. Qe4
Rd8 21. Rc1 Qd7 22. Kg2 h6 23. Qd5 g5 24. Nxg5 1/2-1/2

[Event "X Festival A"]
[Site "Salsomaggiore Terme ITA"]
[Date "2006.05.12"]
[Round "2"]
[White "Mazzoni, Carlo"]
[Black "Gilardone, Adriano"]
[Result "0-1"]
[WhiteElo "1766"]
[BlackElo "2145"]
[PlyCount "82"]
[EventDate "2006.05.12"]

1. d4 e5 2. Nf3 e4 3. Nfd2 d5 4. e3 Bd6 5. c4 c6 6. Nc3 Nf6 7. Qa4 O-O 8. Be2
Re8 9. b4 dxc4 10. b5 a6 11. Bxc4 Bf5 12. Qb3 Qe7 13. bxc6 Nxc6 14. Nd5 Nxd5
15. Bxd5 Nb4 16. O-O Rad8 17. Bc4 b5 18. Be2 Rc8 19. Qd1 Qg5 20. f4 Qh4 21. Ba3
Rc3 22. g3 Qe7 23. Bc1 Nc2 24. Nb3 Nxa1 25. Nxa1 Rc7 26. g4 Be6 27. d5 Bc8 28.
Nb3 Bb7 29. Nd4 Bxd5 30. Nf5 Qe6 31. Qd4 Bf8 32. Bb2 f6 33. Qd1 Bxa2 34. Qe1
Bc4 35. Rf2 Bxe2 36. Rxe2 Rec8 37. Qg3 a5 38. Nd4 Qd7 39. g5 f5 40. h4 a4 41.
Qh3 a3 0-1

[Event "X Festival A"]
[Site "Salsomaggiore Terme ITA"]
[Date "2006.05.12"]
[Round "2"]
[White "Pipitone, Antonio"]
[Black "Fragni, Enrico"]
[Result "0-1"]
[WhiteElo "1994"]
[BlackElo "1876"]
[PlyCount "92"]
[EventDate "2006.05.12"]

1. e4 c6 2. d4 d6 3. Nf3 Bg4 4. Be2 Nd7 5. O-O e5 6. c3 Be7 7. Be3 Ngf6 8. Nbd2
a5 9. h3 Bh5 10. Qc2 O-O 11. Rad1 Qc7 12. Rfe1 Rfe8 13. Nf1 Bxf3 14. Bxf3 g6
15. Bh6 Bf8 16. Qc1 Bxh6 17. Qxh6 Nf8 18. Ng3 Ne6 19. Nf5 Kh8 20. Qh4 Ng8 21.
Ne3 Qe7 22. Qxe7 Nxe7 23. dxe5 dxe5 24. Nc4 f6 25. Nd6 Reb8 26. Bg4 Nf8 27. b3
h5 28. Be2 b5 29. g4 h4 30. g5 Kg7 31. gxf6+ Kxf6 32. Bg4 Ne6 33. Nxb5 cxb5 34.
Rd6 Nf5 35. exf5 gxf5 36. Bf3 Ra7 37. Bd5 Re7 38. Rc1 e4 39. Ra6 Ke5 40. Bxe6
Rxe6 41. Rxa5 Kf4 42. c4 bxc4 43. Rxc4 Rd8 44. Kf1 Rd1+ 45. Ke2 Rb1 46. Rac5
Rb2+ 0-1

[Event "X Festival A"]
[Site "Salsomaggiore Terme ITA"]
[Date "2006.05.12"]
[Round "2"]
[White "Ranola, Yves"]
[Black "Muha, Zdravko"]
[Result "1-0"]
[WhiteElo "2432"]
[BlackElo "2083"]
[PlyCount "67"]
[EventDate "2006.05.12"]

1. g3 d5 2. Bg2 c6 3. d3 Nf6 4. Nd2 e5 5. e4 dxe4 6. dxe4 Bg4 7. Ngf3 Nbd7 8.
h3 Bxf3 9. Qxf3 Bc5 10. O-O O-O 11. Nb3 Be7 12. Be3 Qc7 13. Qe2 Rfe8 14. a4 b6
15. Rfd1 Nf8 16. Qc4 Ne6 17. h4 Rad8 18. Bh3 Rxd1+ 19. Rxd1 Rd8 20. Rxd8+ Nxd8
21. f3 Nb7 22. Qa6 Nd6 23. Nd2 Nd7 24. Qd3 Nf6 25. Nc4 Nxc4 26. Qxc4 Qd6 27.
Kf2 h6 28. Ke2 Nh5 29. Kf2 Qg6 30. Bg4 Nf6 31. Bf5 Qh5 32. Qxc6 g6 33. Qc8+ Kg7
34. Bg4 1-0

[Event "X Festival A"]
[Site "Salsomaggiore Terme ITA"]
[Date "2006.05.12"]
[Round "2"]
[White "Reggi, Matteo"]
[Black "Rombaldoni, Axel"]
[Result "1/2-1/2"]
[WhiteElo "1781"]
[BlackElo "2160"]
[PlyCount "89"]
[EventDate "2006.05.12"]

1. e4 c5 2. Nf3 Nc6 3. d4 cxd4 4. Nxd4 Nf6 5. Nc3 d6 6. Be2 e5 7. Nb3 Be7 8.
O-O O-O 9. Be3 a5 10. a4 Nb4 11. f4 Be6 12. f5 Bxb3 13. cxb3 d5 14. exd5 Nfxd5
15. Nxd5 Nxd5 16. Bf2 Bg5 17. Kh1 Ne3 18. Bxe3 Bxe3 19. Bc4 Qxd1 20. Raxd1 Rad8
21. g3 Bd4 22. Kg2 Bxb2 23. Rfe1 Bd4 24. Kf3 g6 25. Ke4 gxf5+ 26. Kxf5 Kg7 27.
Re4 Rd6 28. Rg4+ Rg6 29. Rf1 h5 30. Rxg6+ fxg6+ 31. Ke4 Rb8 32. h3 b6 33. Rf7+
Kh6 34. Rf6 Kg5 35. Rf1 Rd8 36. Rd1 Rd6 37. Bb5 Rd8 38. Bc4 Kh6 39. Rd3 g5 40.
g4 hxg4 41. hxg4 Kg6 42. Be6 Rh8 43. Bf5+ Kg7 44. Kd5 Rh1 45. Be4 1/2-1/2